C.P.C. (Casa Provincial de Caridad)
Descripción Física:
7 p. : il. col. ; 38 cm
MARC
| LEADER | 00000nam a2200000Ia 4500 | ||
|---|---|---|---|
| 001 | 12909 | ||
| 008 | 160829s9999 xx 000 0 cat d | ||
| 080 | |a R-12-77 | ||
| 245 | |a C.P.C. (Casa Provincial de Caridad) | ||
| 260 | |a [Barcelona] : |b [s.n.], [s.a. 188?] | ||
| 300 | |a 7 p. : |b il. col. ; |c 38 cm | ||
| 590 | |a Format acordió. | ||
| 590 | |a Conté dades de la Casa de Caritat (Estadístiques, consum diari de pa i pasta de sopa, classes i ensenyances). | ||
| 590 | |a Ornamentat amb aquarel·la. | ||
| 590 | |a Contingut dins d'una caixa de vellut verd. | ||
| 590 | |a Manuscrit sobre pergamí. | ||
| 590 | |a La caixa està en mal estat. | ||
| 590 | |a Exposició: Diada Internacional dels Arxius 2011 | ||
| 650 | |a Casa de Caritat (Barcelona) |x Estadístiques |9 47901 | ||
| 650 | |a Casa de Caritat (Barcelona) |x Memòries |9 38800 | ||
| 710 | |a Casa de Caritat (Barcelona, Catalunya) |9 52406 | ||
| 901 | |a Arxiu | ||
| 942 | |n 1 | ||
| 952 | |0 0 |1 0 |4 0 |6 R1277 |7 1 |9 54188 |a Arxiu |b Arxiu |d 2016-12-01 |l 0 |o R-12-77 |p 12909 |r 2016-12-01 00:00:00 |w 2016-12-01 |y ARXIU | ||
| 999 | |c 58057 |d 58057 | ||